Pla de cultura de l'Hospitalet de Llobregat : l'Hospitalet, ciutat i cultura l'Hospitalet, ciutat i cultura
Publicado:
Barcelona :
Diputació de Barcelona. Àrea de Cultura. Centre d'Estudis i Recursos Culturals (CERC) : Ajuntament de l'Hospitalet ,
2007
Descripción Física:
111 p. : il. ; 30 cm
MARC
| LEADER | 00000nam a2200000Ia 4500 | ||
|---|---|---|---|
| 001 | 19062 | ||
| 008 | 160829s2007 xx 000 0 cat d | ||
| 080 | |a M-3-262 | ||
| 245 | |a Pla de cultura de l'Hospitalet de Llobregat : |b l'Hospitalet, ciutat i cultura | ||
| 260 | |a Barcelona : |b Diputació de Barcelona. Àrea de Cultura. Centre d'Estudis i Recursos Culturals (CERC) : |b Ajuntament de l'Hospitalet, |c 2007 | ||
| 300 | |a 111 p. : |b il. ; |c 30 cm | ||
| 651 | 0 | |a Hospitalet de Llobregat, L' (Catalunya) |x Política cultural |9 55179 | |
| 710 | 1 | |a Barcelona (Catalunya : Província). |b Centre d'Estudis i Recursos Culturals |9 52487 | |
| 710 | 1 | |a Hospitalet de Llobregat (Catalunya). |b Ajuntament |9 52871 | |
| 710 | 1 | |a Barcelona (Catalunya : Província). |b Àrea de Cultura |9 53536 | |
| 901 | |a Arxiu | ||
| 942 | |n 1 | ||
| 952 | |0 0 |1 0 |4 0 |6 M3262 |7 1 |9 52197 |a Arxiu |b Arxiu |d 2016-12-01 |l 0 |o M-3-262 |p 19062 |r 2016-12-01 00:00:00 |w 2016-12-01 |y ARXIU | ||
| 999 | |c 56045 |d 56045 | ||